000 00286nam a22001097a 4500
008 170110b xxu||||| |||| 00| 0 eng d
020 _a9781558102149
041 _aeng
080 _22ND
_a618.2
245 _aNURSING'S SOCIAL POLICY STATEMENT
_cAMERICAN NURSES ASSOCIATION
942 _2udc
_cBK
999 _c2612
_d2612